000 01043pab a2200181 454500
008 180718b2005 xxu||||| |||| 00| 0 eng d
100 _aFreeman, Lance
245 _aDisplacement or succession? Residential mobility in gentrifying neighborhoods
260 _c2005
300 _ap.463-91.
362 _aMar
520 _aThis article examines the extent to which gentrification in U.S. neighborhoods is associated with displacement by comparing mobility and displacement in gentrifying neighborhoods with mobility and displacement in similar neighborhoods that did not undergo gentrification. The results suggest that displacement and higher mobility play minor if any roles as forces of change in gentrifying neighborhoods. Demographic change in gentrifying neighborhoods appears to be a consequence of lower rates of intraneighborhood mobility and the relative affluence of in-movers. - Reproduced.
650 _aGentrification
650 _aMigration
650 _aSocial mobility
773 _aUrban Affairs Review
909 _a64936
999 _c64936
_d64936